Flags to Largest Cities - Statistics

General Stats
  • This quiz has been taken 51,927 times
    47,197 since last reset
  • The average score is 14 of 20
Answer Stats
Picture Answer % Correct
New York City
98%
Seoul
94%
Toronto
91%
Istanbul
88%
Athens
87%
Oslo
85%
Sao Paulo
85%
Johannesburg
82%
Tel Aviv
77%
Zürich
74%
Auckland
73%
Riyadh
69%
Ho Chi Minh City
67%
Dubai
66%
Casablanca
65%
Karachi
52%
Kinshasa
51%
Dar es Salaam
41%
Almaty
36%
Yangon
29%
No matching quizzes found
Score Distribution
Percent of People with Each Score
Percentile by Number Answered
Your Score History
You have not taken this quiz since the last reset